Länder mit nur einem Nachbarn - Statistiken

Allgemein
  • Dieses Quiz wurde 1.133 mal gespielt
  • Das Durchschnittsergebnis liegt bei 13 aus 18
Antwortstatistiken
Antwort % Korrekt
Kanada
89%
San Marino
88%
Vatikan
88%
Südkorea
86%
Lesotho
83%
Irland
82%
Portugal
82%
Monaco
76%
Haiti
71%
Dominikanische Republik
70%
Vereinigtes Königreich
70%
Dänemark
68%
Papua Neuguinea
67%
Singapur
63%
Katar
62%
Ost-Timor
61%
Brunei
57%
Gambia
56%
Keine übereinstimmenden Quizze gefunden
Verteilung der Resultate
Anzahl Personen mit jedem Resultat
Perzentil nach korrekt beantworteten Fragen
Ihre Resultats-Entwicklung
Sie haben dieses Quiz noch nicht gespielt